000 00837nam a2200313 4500
001 34837
003 DO-SdBNP
005 20180226134624.0
007 34837
008 950309r1992 sp | |||| ||spa
016 7 _a
_2BPMSU
017 _a
_b
020 _a8434823713
035 _a
040 _aBPMSU
_bspa
_cBPMSU
_e
080 0 _a
100 1 _aMateos, Pilar,
_d1942-
245 1 0 _aQuisicosas /
_cPilar Mateos ; ilustraciones de Pablo Núñez
_h
250 _a4ª ed.
260 _aMadrid :
_bSM,
_c1992
300 _a63 p.;
_bil. :
_c20 cm.
490 1 _aEl barco de vapor
_v19
586 _aPremio Lazarillo, 1982
700 1 2 _aNúñez, Pablo,
_d1963-
830 3 _aEl barco de vapor.
_pSerie blanca
_v19
942 _2ddc
_cBK
945 _aInventariado, 2018 /LP
956 _aVMATEO
_b10
_hBPMSU
_c20151125
_800151
999 _c8910
_d8910